| 000 | 00591nam a2200169Ia 4500 | ||
|---|---|---|---|
| 003 | GCL | ||
| 008 | 140319s9999 xx 000 0 ara d | ||
| 040 |
_aGCL / _cGCL |
||
| 082 | 0 | 4 |
_a811.9 _bا م |
| 100 | 1 | _aابراهيم الابيارى | |
| 245 | 1 | 0 |
_aالموسوعه الشوقيه : الاعمال الكامله لامير الشعراء احمد شوقى / _cابراهيم الابيارى |
| 490 | _a | ||
| 650 | 0 | 4 | _aالشعر - مجموعات |
| 650 | 0 | 4 | _aالشعر العربى - دواوين وقصائد |
| 650 | 0 | 4 | _aالشعر - تاريخ ونقد |
| 942 |
_2ddc _cBK |
||
| 999 |
_c39203 _d39203 |
||